Agrar-Handwerks-Industriepolitik

Salvato in:
Dettagli Bibliografici
Natura: Libro
Lingua:tedesco
Pubblicazione: München Duncker & Humblot 1932
Tags: Aggiungi Tag
Nessun Tag, puoi essere il primo ad aggiungerne!!

MARC

LEADER 00000nam a2200000 4500
001 0313528
005 20251209112032.1
041 0 |a ger 
044 |a DE 
245 1 0 |a Agrar-Handwerks-Industriepolitik  |c Adolf Weber 
264 1 |a München  |b Duncker & Humblot  |c 1932